Finish the industrial band name - Statistics

General Stats
  • This quiz has been taken 22 times
  • The average score is 12 of 25
Answer Stats
Hint Answer % Correct
Nine Inch ___ Nails
100%
Marilyn ___ Manson
95%
Einstürzende ___
Neubauten
84%
Skinny ___ Puppy
79%
Fear ___ Factory
63%
Front Line ___ Assembly
53%
Revolting ___ Cocks
53%
Alien Sex ___ Fiend
53%
Throbbing ___ Gristle
47%
Killing ___ Joke
47%
My Life With the Thrill Kill ___ Kult
47%
Static ___ X
47%
White ___ Zombie
47%
Coal ___ Chamber
42%
God___ Flesh
42%
Strapping Young ___ Lad
42%
Scraping Foetus Off the ___ Wheel
42%
Big ___ Black
37%
Nitzer ___ Ebb
37%
Lingua ___ Ignota
37%
Front ___ 242
32%
Nail___ Bomb
32%
Suicide ___ Commando
26%
Kidney ___ Thieves
26%
Rabbit ___ Junk
11%
No matching quizzes found
Score Distribution
Percent of People with Each Score
Percentile by Number Answered
Your Score History
You have not taken this quiz